Cases in Strategic Management and Business Policy

Gespeichert in:
Bibliographische Detailangaben
1. Verfasser: Jauch, Lawrence R.
Weitere Verfasser: Townsend, James B.
Format: Buch
Sprache:Englisch
Veröffentlicht: New York MacGraw-Hill Book Co. 1986
Ausgabe:1. ed.
Tags: Tag hinzufügen
Keine Tags, Fügen Sie das erste Tag hinzu!

MARC

LEADER 00000nam a2200000 4500
001 c031172
005 20221220071143.8
041 0 |a eng 
044 |a US 
245 1 0 |a Cases in Strategic Management and Business Policy  |c Lawrence R. Jauch, James B. Townsend 
250 |a 1. ed. 
264 1 |a New York  |b MacGraw-Hill Book Co.  |c 1986 
300 |a 372 s. 
100 1 |a Jauch, Lawrence R. 
700 1 |a Townsend, James B.